Loading...
| Religion | 0 | 3 | 1 | 1 | 25 | 13 | 74.33 | 1 | 2 | 8.95 | 14.00 |
| Science - Biology | 0 | 2 | 1 | 0 | 15 | 78 | 80.00 | 0 | 1 | 3.82 | 8.00 |
| History - European | 0 | 1 | 0 | 0 | 10 | 97 | 97.00 | 0 | 0 | 0.05 | 1.05 |
| Literature - American | 0 | 1 | 0 | 0 | 10 | 63 | 63.00 | 1 | 1 | 7.29 | 10.00 |
| Geography | 0 | 1 | 0 | 0 | 10 | 82 | 82.00 | 0 | 1 | 5.18 | 13.33 |
| Literature - World | 0 | 1 | 0 | 0 | 10 | 109 | 109.00 | 0 | 1 | 0.00 | 2.00 |
| Social Science | 0 | 1 | 0 | 1 | 10 | 92 | 92.00 | 0 | 0 | 0.00 | 2.50 |
| Popular Culture | 0 | 1 | 0 | 1 | 10 | 92 | 92.00 | 0 | 0 | 2.73 | 6.67 |
| Literature - British | 0 | 1 | 0 | 0 | 10 | 53 | 53.00 | 0 | 1 | 4.23 | 5.71 |
| Science - Other | 0 | 1 | 0 | 1 | 10 | 111 | 111.00 | 0 | 0 | 0.00 | 2.00 |
| History - Other | 0 | 1 | 1 | 0 | 5 | 105 | 105.00 | 0 | 1 | 1.03 | 6.00 |
| Fine Arts - Painting and Sculpture | 0 | 0 | 0 | 0 | 0 | 0.00 | 0 | 0 | 0.00 | 0.00 | |
| Science - Chemistry | 0 | 1 | 2 | 0 | 0 | 52 | 52.00 | 0 | 1 | 4.80 | 8.00 |
| Science - Physics | 0 | 1 | 2 | 1 | 0 | 105 | 105.00 | 0 | 1 | 0.00 | 4.00 |
| Mythology | 0 | 0 | 1 | 0 | -5 | 0.00 | 0 | 0 | 0.00 | 0.00 |